000 00919nam a2200253Ia 4500
003 OSt
005 20220923214934.0
006 a|||||r|||| 00| 0
007 ta
008 220922b |||||||| |||| 00| 0 hin d
024 _a173,973
037 _cTextual
040 _aARTS
_cARTS
_bhin
041 _2hin
_ahin
082 _aO152,3N212:g, N8
100 _aसुवास कुमार
_9156290
245 0 _aआंचलिकता यथार्थवाद और फणीश्वरनाथ रेणु
246 _aĀanchalikatā yathārthavād aur faṇīshvaranāth reṇu
260 _aदिल्ली
_b साहित्य सहकार प्रकाशन
_c1998
300 _a155 पृ.
_ccm.
650 _aहिन्दी साहित्य
_9156264
942 _hO152,3N212:g, N8
_cTEXL
_2CC
999 _c327792
_d327792